000 00709nam a2200241 a 4500
001 43033
003 BD-RjUL
005 20211209053632.0
008 160619s1961 nyu b 00110 eng
035 _a(BD-RjUL)43151
040 _aBD-RjUL
_beng
_cBD-RjUL
041 _aeng
082 _a330.1
_223
_bLOC 1961
100 1 0 _aLoucks, William N.
_q(William Negele),
_d1899-
_96600
245 1 0 _aComparative economic systems /
_cWilliam N. Loucks
250 _a6th ed.
260 0 _aNew York :
_bHarper & Row ,
_cc1961.
300 _axiv, 801 p. ;
_c23 cm.
504 _aIncludes bibliographical references and index.
650 0 _aComparative economics.
_96168
942 _2ddc
_cBK
999 _c43033
_d43033